000
00315nam a2200133 a 4500
005
20140414132056.0
008
100520s19uu xx 00 eng d
050
_a
REF 609
_b
I59 1993
245
_a
Inventions and discoveries 1993.
440
_a
650
_a
Inventions
650
_a
Inventors
999
_c
114306
_d
114306